| 000 | 00773nam a2200229 a 4500 | ||
|---|---|---|---|
| 999 |
_c10900 _d10900 |
||
| 001 | 10900 | ||
| 003 | BD-JhCC | ||
| 005 | 20190630084837.0 | ||
| 008 | 190527b19982014bg |||| ||a| 000 0 ben d | ||
| 020 | _a9844950286 | ||
| 035 | _a(BD-JhCC)10900 | ||
| 040 |
_aBD-JhCC _dBD-JhCC |
||
| 041 | _aben | ||
| 082 |
_a891.443 _bMOZ 2014 |
||
| 100 | _aমজুমদার, সমরেশ | ||
| 245 |
_aশ্রেষ্ঠ উপন্যাস : _bউত্তরাধিকার,কালবেলা,কালপুরুষ / _cসমরেশ মজুমদার |
||
| 260 |
_aঢাকা, _bপার্ল পাবলিকেশন্স; _c২০১৪. |
||
| 300 |
_av-1,1133 p. : _c22 cm. |
||
| 650 | _aBengali Novel | ||
| 942 |
_2ddc _cBK |
||